[Event "Biel GM 48th"]
[Site "Biel"]
[Date "2015.07.20"]
[Round "1"]
[White "Wojtaszek, Radoslaw"]
[Black "Rapport, Richard"]
[Result "1/2-1/2"]
[WhiteElo "2733"]
[BlackElo "2671"]
[Annotator "Marin,M"]
[PlyCount "83"]
[EventDate "2015.07.20"]
[EventType "tourn"]
[EventRounds "10"]
[EventCountry "SUI"]
[EventCategory "19"]
[SourceTitle "CBM 168"]
[Source "ChessBase"]
[SourceDate "2015.09.14"]
[SourceVersion "1"]
[SourceVersionDate "2015.09.14"]
[SourceQuality "1"]

1. d4 d5 2. c4 Nc6 {One can always find out that openings long fallen out of
fashion are still playable at the top level.} 3. cxd5 Qxd5 4. e3 e5 5. Nc3 Bb4
{This is the main modern tabiya, although as we will see it it not quite a
young variation.} 6. a3 {The second most popular move. White gets the bishop
pair and strengthens his centre without committing his bishop yet.} ({The main
line is} 6. Bd2 Bxc3 7. bxc3 {It is interesting that this position was seen in
the games of the third and fourth world champions already! Even if their
theoretical interest is not too high, I will include fragments of them to
illustrate the different approach of the two great players.} exd4 {A bit
premature.} 8. cxd4 (8. exd4 {is slightly less ambitious but not really bad}
Nf6 9. Nf3 b5 {In Capablanca,J-Fridezky Mannheim (casual) 1911 White missed}
10. Qe2+ {winning the b5-pawn. Probably such early queen moves were not in
Capablanca's style which justifies why he overlooked it in a casual game.})
8... Nf6 9. Nf3 Bf5 10. Qa4 {Unlike his predecessor at the crown, Alekhine
does not mind developing the queen early in order to develop his bishop on the
most active square.} O-O 11. Bc4 Qd8 12. O-O a6 13. Be2 h6 14. Rac1 $14 {
Alekhine,A-Cordoba,H Barcelona 1928 (1-0, 32)}) 6... Bxc3+ 7. bxc3 Nf6 8. c4
Qd6 9. d5 {Black could not keep his outposts in the centre, but is ready to
set up a second barricade which will be more difficult to storm.} Nb8 {
Deviating from a previous game of his own.} (9... Ne7 10. a4 c5 11. Bb2 ({
A novelty over} 11. Ne2 Ng6 12. Bb2 O-O 13. Nc3 Bf5 14. Be2 Ne4 15. Nxe4 Bxe4
16. f3 Bf5 17. O-O f6 18. a5 Ne7 {Galojan,L (2239)-Danielian,E (2437) Yerevan
2004 (1/2-1/2, 37), with a solid black position.}) 11... O-O 12. Nf3 Ng6 13.
Nd2 e4 $5 {Typical for Rapport's entertaining style and entirely sound.} 14.
Bxf6 Qxf6 15. Nxe4 Qe5 16. Nd2 Bg4 17. Be2 Bxe2 18. Kxe2 Rae8 19. Kf1 f5 20. g3
f4 $1 21. exf4 Nxf4 22. gxf4 Qxf4 23. f3 Re3 {Black is a clear knight down,
but his major piece activity is enough for maintaining approximate equality.}
24. Rg1 Qxh2 25. Rg2 Qh4 26. Rb1 Rfe8 $1 ({This is better than Rapport's} 26...
Qd4 $2 {when after} 27. Rxb7 {the pressure on g7 forced him embarking an
insufficient tactical operation.} Rfxf3+ 28. Qxf3 Qa1+ 29. Rb1 Rxf3+ 30. Ke2 $1
{Possibly missed by Rapport. White retained the material advantage and won in
Bukavshin,I (2618)-Rapport,R (2709) Moscow 2015 (1-0, 40)}) 27. Ne4 ({White
should not fool around with time, for instance:} 27. a5 $2 h5 {and now it is
too late for} 28. Ne4 R3xe4 $1 29. fxe4 Qh1+ 30. Kf2 Rf8+ 31. Kg3 h4+ $1 {
With the pawn on h7, White would be winning, of course.}) 27... Rf8 28. Nd2 $11
{with a draw by repetition. Black has no time for} h5 $2 {due to} 29. Kg1 $16)
10. Ne2 ({White does not achieve much with} 10. a4 Na6 11. Ba3 Nc5) 10... O-O
$146 ({There is nothing wrong with the previously played} 10... Na6 11. Nc3 Nc5
{but Rapport had other plans for his knight.} 12. Be2 Nfe4 13. Bb2 Nxc3 14.
Bxc3 O-O 15. O-O f6 16. Bd3 b6 {Brodsky,M (2564)-Kharchenko,B (2515) Voronezh
2015 (1/2-1/2, 80), with a good blockade.}) 11. Nc3 Bf5 12. a4 Na6 13. Ba3 Nb4
{Leaving the c5-square available for other pieces or, as in the game, for the
c-pawn.} 14. Be2 a5 ({I believe Black has no reasons to refrain from} 14...
Nc2+ 15. Qxc2 Bxc2 16. Bxd6 cxd6 {exhanging the strong bishop and retaining
the control over the c5-square.} 17. f3 {[%csl Gc2][%cal Ge3e4]} Bg6 (17... Bf5
$6 18. g4 Bd7 {[%cal Rf6d7]} 19. Kf2 $14) 18. e4 (18. g4 Rfd8 19. h4 h5 20. g5
Nd7 $11) 18... Rfd8 {[%csl Gd6]} (18... Nd7 $2 19. Nb5) 19. Kf2 Nd7 $11) 15.
O-O Rfe8 16. Rc1 {In principle, Black has no big worries out of the opening,
but White's space advantage and his bishop pair could tell in the long run.
During the next few moves, Black will have to make some choices regarding the
pawn structure.} c5 {Consolidating the knight on b4.} ({Playing for the
c5-square does not ensure Black enough stability:} 16... Ne4 17. Nb5 $1 {
poses the most problems.} ({Exchanging knights with} 17. Nxe4 $6 {frees
Black's play.} Bxe4 18. f3 Bf5 19. e4 (19. c5 Qxd5 20. Qxd5 Nxd5 21. e4 Nf4)
19... Qc5+ (19... Bd7 20. c5 $16) 20. Kh1 Bd7 21. Qb3 Ra6 {[%cal Gc1a1,Gf1b1,
Ga3b4]} 22. Ra1 f5 23. Bc1 (23. Rfb1 Rb6) 23... f4 24. Bd2 Rh6 25. Rfb1 Qf2
$132) 17... Qc5 (17... Qd7 18. c5 $1 Nxd5 19. f3 $16 {wins material}) 18. Bd3
Bg6 19. h4 $1 (19. Qe2 Rad8 20. f3 Nd6 $11) 19... h6 (19... Nf6 20. Bxg6 hxg6
21. Qb3 Rad8 22. Rb1 $14) 20. h5 Bh7 21. Qb3 $14) 17. f3 Bd7 ({In principle, I
would prefer} 17... e4 {, taking the d3-square under control and giving a
meaning to the knight's presence on b4.} 18. f4 Qd7 19. Bb2 Ra6 $13) 18. e4 {
Even though this weakens the control over the f4-square, I find it as an
achievement for White. The b4-knight will not be able to influence the battle
too much now.} (18. Bb2 e4 19. f4 Re7 {or}) (18. Nb5 Bxb5 19. axb5 e4 20. f4
Re7 {look acceptable for Black.}) 18... Nh5 19. Nb5 ({Curiously, the seemingly
solid} 19. g3 {is not without risks:} Qg6 20. Kh1 (20. Rf2 Nf4 21. Bf1 Nh3+ 22.
Bxh3 Bxh3 $11) 20... Nxg3+ $1 21. hxg3 Qxg3 22. Qe1 Qh3+ 23. Kg1 Ra6 $1 {
Taking full advantage of the move ...a7-a5.} 24. Kf2 (24. Bxb4 $2 {[%csl Gd3]}
f5 $3 {[%csl Re3][%cal Gf5f4]} 25. exf5 Rh6 26. Kf2 Qh4+ 27. Ke3 Qd4#) 24...
Qh2+ 25. Ke3 Qf4+ 26. Kf2 f5 $40) 19... Qh6 {Black has some counterplay now,
but White will manage to neutralise it with a series of accurate moves.} 20.
Rc3 (20. Nc7 $2 Qe3+) 20... Nf4 21. g3 (21. Nc7 $2 Bxa4 $1 22. Qe1 (22. Qd2
Nh3+) 22... Na2 $15 23. Re3 $2 Nh3+ $1) 21... Nh3+ {This knight will later
have to return home.} ({I find} 21... Nxe2+ {a more practical decision.} 22.
Qxe2 {[%cal Gb5c7]} Rad8 (22... Re7 $5 {[%cal Ga8e8,Ge8f8]} 23. d6 $6 Bxb5 24.
dxe7 Bxa4 $13) 23. Bb2 (23. f4 Bh3 24. Rf2 $6 f5) 23... Bh3 24. Rf2 Qg6 25. Re3
h5 {For White it is not at all easy to start a massive kingside pawn attack:}
26. Kh1 {[%cal Gf3f4,Gg3f4]} (26. f4 exf4 27. Rxf4 f6 {is relatively stable
for Black.}) 26... f6 27. f4 exf4 28. gxf4 Bg4 29. Rg2 (29. Qe1 $2 Rxe4 $1 30.
Rxe4 Nd3 $19) 29... Bxe2 30. Rxg6 Kf7 $13 {White has kept his pawn centre but
will lose either the exchange (Rxg7+) or his c4-pawn.}) 22. Kh1 {[%cal Gb5c7]}
Rac8 (22... Rad8 23. Bd3 Qg6 24. Bb1 f5 25. exf5 Bxf5 26. Bxf5 Qxf5 27. Qe2 b6
28. Bb2 $16) 23. Bd3 {White starts preparing f3-f4 calmly.} (23. f4 {could
lead to unclear complications:} exf4 (23... f5 24. Bb2 fxe4 25. f5 $14) 24. Bg4
Bxg4 25. Qxg4 f5 (25... fxg3 26. Rxg3 $18) 26. exf5 Re1 $1 27. Kg2 (27. Rxe1 $4
Nf2+) 27... Rce8 28. Rxe1 Rxe1 29. Qh4 Ng5 30. Qxh6 gxh6 31. gxf4 Ne4 $132)
23... Qg6 {After ignoring the bishop, the b4-knight will remain a mere
spectator.} ({But} 23... Nxd3 24. Rxd3 {[%cal Ga3c1] would also leave Black
struggling, since it would not solve the problem of the h3-knight nor cross
the main plan based on f3-f4} f5 25. Bc1 Qg6 26. Nc3 $14) 24. Bb1 {[%csl Rb4]
[%cal Rb1d3,Rb1a2]} h5 25. Qe1 ({But now everything was prepared for} 25. f4
$16) 25... Ng5 26. Re3 (26. f4 $1 $16 {would force the knight into retreating
far from f7 and d6.} exf4 $2 27. e5 $18) 26... Bxb5 27. axb5 f6 $1 $14 {
After clearing the f7-square for his knight, Black is more or less safe in a
slightly passive position.} 28. f4 Nf7 29. Qe2 Nd6 $2 {Natural but bad. The
knight does not do much on d6 for the time being. As will turn out soon, Black
had other priorities.} ({True, by simply keeping the knight on f7 (closer to
g4) Black would not have prevented the attack, either:} 29... Rcd8 30. Bb2 b6
31. g4 $1 hxg4 32. Rg3 Nh6 33. Bc1 $40 {[%cal Gf1g1,Gf4e5,Gc1h6,Gg3g4]}) ({
It was essential to prevent the surprising pawn break with} 29... Qg4 {even
though after, say,} 30. Ref3 b6 31. Bb2 {White retains the pressure.}) 30. Bb2
b6 31. h3 $2 ({White misses a fantastic opportunity to start a devastating
attack with} 31. g4 $3 Qxg4 (31... hxg4 32. fxe5 fxe5 33. Rg1 $40 Rc7 34. Rxg4
Qf6 35. Rf3 Qh6 36. Rfg3 $18) 32. Ref3 Re7 33. Rg1 Qd7 (33... Qh4 34. Bc3 $18 {
[%csl Rh4][%cal Gc3e1]}) 34. fxe5 fxe5 35. Rf6 Rf8 36. Rh6 $18 {[%cal Ge2h5]})
31... Rc7 $1 32. Kh2 ({With a tempo less and the h3-pawn exposed, the same
idea is less effective, but still worth trying:} 32. g4 hxg4 33. Rg3 $1 {
It is best to avoid opening the f-file once the c7-rook is ready to occupy it.}
(33. fxe5 $6 fxe5 34. Rg1 Rf7 35. Reg3 (35. Rxg4 Qf6 $17) 35... Qh7 36. Kh2 Qh4
37. R1g2 Rf3 $11) 33... Qh6 34. Kh2 exf4 35. Rxg4 Nf7 36. Bc1 $36) 32... Rce7
33. f5 {Prematurely blocking the position. White could still have put some
pressure by exchanging on e5 or maintaining the tension.} (33. fxe5 fxe5 34.
Ref3 $14) ({Objectively} 33. Ref3 $5 $14 {should be best, by keeping both fxe5
and f4-f5 in reserve.} exf4 $2 {loses to} 34. e5) 33... Qh7 $11 34. Rg1 Kf7 35.
g4 {With the position blocked this is not that scary.} ({White cannot really
increase the force of his attack by transferring his king on the other wing.} 
35. Kg2 Rh8 36. Kf1 Ke8 37. Ke1 Kd8 38. Kd2 Rg8 39. Rg2 (39. g4 hxg4 40. hxg4
Nxc4+ 41. Qxc4 Qh2+) (39. Kc1 Qh6 40. g4 {[%cal Gd6c4,Gg4g5]} hxg4 41. hxg4 Rh8
42. g5 Qh2 $17) 39... Kc7 40. g4 hxg4 41. hxg4 Qh1 $17 {In all these lines,
the king is vulnerable in one way or another and the c4-pawn is very weak.})
35... hxg4 36. Rxg4 Rh8 $11 {There is not much White can do now.} 37. Reg3 Ke8
38. Bc1 Kf8 39. Kg2 Qh5 40. Bd2 Rh7 41. Bc1 Rh8 42. Bd2 1/2-1/2

[Event "Sharjah FIDE GP"]
[Site "Sharjah"]
[Date "2017.02.20"]
[Round "3"]
[White "Nakamura, Hikaru"]
[Black "Rapport, Richard"]
[Result "1-0"]
[WhiteElo "2785"]
[BlackElo "2692"]
[Annotator "Marin,M"]
[PlyCount "109"]
[EventDate "2017.02.18"]
[EventType "swiss"]
[EventRounds "9"]
[EventCountry "UAE"]
[SourceTitle "CBM 177"]
[Source "ChessBase"]
[SourceDate "2017.03.16"]
[SourceVersion "1"]
[SourceVersionDate "2017.03.16"]
[SourceQuality "1"]

1. d4 d5 2. c4 Nc6 {Just one of Rapport's neo-romantic weapons.} 3. Nf3 Bg4 4.
cxd5 Bxf3 5. gxf3 Qxd5 6. e3 e5 7. Nc3 Bb4 8. Bd2 Bxc3 9. bxc3 {A typical
tabyia for the Chigorin Defence. The mobility of White's impressive centre is
restricted by Black's piece pressure and the kingside doubled pawns. Knights
are perfectly suited for blockading purposes. On the queenside Black already
has the c4-square (or, after c3-c4 and d4-d5, he would get the c5-square)
while on the kingside he can hope to get one as well.} Qd7 {A rare
continuation.} ({Two years earlier Rapport played the main move} 9... Qd6 10.
Rb1 O-O-O ({The first modern times top level game I remember went} 10... b6 11.
f4 $5 exf4 12. e4 Nge7 13. Qf3 O-O {Kasparov,G (2710)-Smyslov,V (2600) Vilnius
1984 Candidates [ChessBase] (½-½, 26)}) 11. Qb3 b6 12. Qxf7 {As we will see
Rapport likes sacrificing the f7-pawn.} Kb8 13. Qc4 Qf6 14. Bg2 Nge7 15. f4
exf4 16. exf4 Na5 17. Qa6 $2 Qe6+ 18. Be3 Nf5 $17 {Hammer,J (2682)-Rapport,R 
(2693) Reykjavik 2015 CBM 170 [Krasenkow,M] (½-½, 71)}) 10. Rb1 {The most
flexible way of attacking b7.} (10. Qb3 Nge7 11. Qxb7 {implies misplacing the
queen with the corresponding loss of time to bring it back into play.} O-O 12.
Qb1 Rfe8 {Carron,J (2394)-Miralles,G (2469) Switzerland 2010 (0-1, 36), with a
considerable advance in development compensating for the missing pawn.}) 10...
O-O-O $146 {Preparing the favourite pawn sacrifice.} ({There doesn't seem to
be anything wrong with} 10... b6 11. Bg2 (11. Rg1 {may be a better try but the
position remains unclear:} g6 12. f4 {similar to Kasparov's f3-f4 above.} exf4
13. e4 Nf6 14. f3 Qd6 15. e5 Qe6 $13) 11... Nge7 12. f4 exf4 13. e4 O-O 14. Qf3
Rae8 15. Bxf4 Ng6 $11 {Volodin,A (2433)-Sklyarov,D (2402) Finland 2010 (1-0,
59)}) 11. Bg2 Nge7 12. Qb3 {Pawn grabbing will result in time loss and the
opening of the f-file, so White should consider the already familiar:} (12. f4
exf4 13. O-O {even though the benefits of clearing the long diagonal are
marred by the weakening of the king.}) 12... b6 13. Qxf7 Rhf8 14. Qc4 (14. Qxg7
$2 Rg8) ({With hindsight, knowing Black's kingside plan,} 14. Qh5 {comes into
consideration. White uses his queen for putting pressure on the wing where he
would otherwise be under attack. But this manoeuvre leaves the centre
vulnerable and Black could consider} exd4 15. cxd4 Nxd4 16. exd4 Qxd4 17. Rd1
Qd3 18. Bf1 Qc2 {The threat ...Nf5 and ...Rfe8 is strong, but after the
clearance of the fifth rank the queen can switch back to defence:} 19. Qb5 Nf5
20. Be2 Nd4 21. Qa6+ Kb8 22. Be3 Nxe2 23. Qxe2 Rxd1+ 24. Qxd1 Qxa2 {For some
reasons engines evaluate this position as clearly better for White. I would
think Black has reasonable compensation due to his three connected passed
pawns, which could become threatening in the endgame. With rooks and queens on
the board he could just advance his a-pawn. At the same time, the white king
is not entirely safe.}) 14... Kb8 15. O-O g5 {This wastes a tempo (and one
more a few moves later when ...h7-h6 will become necessary) without
contributing to Black's counterplay. It is the other way around, as there are
no threats along the g-file available. But Black's position remains viable
anyway.} ({Still,} 15... Ng6 $1 {[%cal Gg6h4] is more straightforward.} 16. Bc1
{removes the bishop from the d-file and prepares its activation via a3.} (16.
Rb5 Nh4 17. d5 Nxg2 18. dxc6 Qh3 19. Qg4 $8 $15) (16. a4 Rf6 {[%csl Gd2]}) (16.
f4 {[%csl Gc6] This may be what Rapport feared, but it is not really effective.
} Na5 $44 17. Qa6 $2 Nh4 18. f3 Qf7 19. Rf2 (19. Qxa5 Qg6 20. Rf2 Qxb1+) 19...
Nc4 $17 {Black's dream situation with both his knights on perfect squares.})
16... exd4 (16... Rf6 $5 17. dxe5 Ncxe5 18. Qe4 Re6) (16... Nh4 $2 17. d5 {
[%cal Gc4h4]} Nxg2 18. dxc6 $18) 17. cxd4 Nh4 18. Rb5 $8 {Absolutely necessary
in order to defend the kingside.} h6 $5 {[%csl Gg5]} (18... Nxf3+ 19. Kh1 Rf6
20. Rh5 $1) (18... Nxg2 19. Kxg2 Rf6 20. Rg5 $1) 19. Rh5 Nxg2 20. Kxg2 Ne7 $15
{with a dangerous attack against White's weakened light squares.}) 16. Rb5 Rf6
({Once again the knight's activation is a higher priority:} 16... Nf5 {This
time the answer to} 17. f4 {is less obvious:} e4 18. Bxe4 Nd6 19. Qxc6 Nxe4 20.
Qxd7 Rxd7 21. Rd1 gxf4 22. exf4 c5 $11) 17. e4 $1 {[%cal Gd2g5] A good way of
preparing dxe5.} (17. dxe5 Re6 $44 18. f4 $2 (18. Bh3 g4 19. Bxg4 Rg6 $40)
18... gxf4 19. exf4 Rg6 $19) 17... h6 (17... g4 18. f4 exd4 19. f5 dxc3 20.
Bxc3 Nd4 21. a4 $16 {[%csl Ge4,Gf5][%cal Ga4a5]}) 18. dxe5 $16 {White wins the
secongd pawn as the rook is hanging, giving him the time to play Be3. Black's
attack, as promising as it looked a few moves earlier, has not even started
properly.} Na5 ({The difference now is that} 18... Re6 {runs into} 19. f4 gxf4
20. Bxf4 $18 {[%cal Gf4g3]}) ({For strategic reasons it would be better to
focus on the f4- and e5 squares, but the following line offers White a free
hand on the queenside:} 18... Rff8 19. Be3 Ng6 20. e6 Qe7 21. a4 Nce5 22. Qb3
Rf6 23. a5 Qxe6 24. axb6 axb6 25. Qa4 Qc4 26. Qa6 $18) 19. Qe2 Rc6 20. Be3 Ng6
21. Rd5 ({Now and later White could consider the thematic exchange sacrifice} 
21. Rxa5 {eliminating an important blockading piece and spoiling Black's
structure:} bxa5 22. Qb5+ Rb6 23. Qxd7 Rxd7 24. Bxb6 cxb6 25. e6 Re7 26. Bh3
Nf4 27. Bf5 Kc7 28. Rd1 Nxe6 29. Bxe6 Rxe6 30. Kg2 $16) 21... Qe7 22. Rfd1 Rf8
23. Qb5 (23. Rxa5 $5 bxa5 24. Qb5+ Rb6 25. Qxa5 Qxe5 26. Bc5 Re8 {This looks
less clear strategically than the previous exchange sacrifice but White could
think of starting an attack with.} 27. Rd4 Qe6 28. Bxb6 axb6 29. Qa6 Qc8 30.
Qb5) 23... Qe6 24. Rd8+ {White had more convincing atacking possibilities:} (
24. Qa6 {[%csl Ga7][%cal Gd5a5]} Nb7 25. R1d4 $18 {[%cal Gd4a4]}) (24. c4 Nh4 (
24... Rxc4 25. Qa6 {[%cal Gd5a5,Gd5d8]}) (24... Nxc4 25. Bh3 Qxh3 26. Qxc6) (
24... Nb7 25. c5) 25. Qa6 Nb7 26. R1d3 $18) 24... Rxd8 25. Rxd8+ Kb7 26. Qd5 (
26. Bf1 Nc4 27. Bxc4 Qxc4 28. Qxc4 Rxc4 29. e6 Rc6 30. Re8 Nf4 31. e7 Re6 32.
h4 $18) 26... Nc4 27. Qxe6 (27. Rg8 Ncxe5 (27... Ngxe5 28. f4 $5) 28. Qd8 $18)
27... Rxe6 28. Bh3 Rxe5 {Suddenly Black has achieved a relatively normal
position, but his king remains vulnerable.} 29. Bc8+ Kc6 30. Bd7+ Kb7 31. Bc8+
Kc6 32. Bd7+ Kb7 33. Bd4 Ra5 34. Bc8+ Kc6 35. Bd7+ Kb7 36. Bc8+ Kc6 37. Be6 Kb5
38. Bd7+ $2 (38. a4+ $1 Rxa4 39. Rd5+ c5 (39... Ka6 40. Bc8#) 40. Bd7+) 38...
c6 $11 {The king is safer now and the knights are perfect blockers.} 39. Be8
Nf4 40. h4 (40. Rd5+ $5 Nxd5 41. exd5 Ka6 42. dxc6 Ne5 (42... Rxa2 43. Bd7 {
[%cal Gc6c8]}) 43. Kg2 Rd5 (43... h5 {[%csl Gg5]} 44. h4 gxh4 45. f4) 44. Kg3
Rd8 45. Bxe5 Rxe8 46. f4 {with only some vague hopes for White.}) 40... Nd2
$132 {The knights become threatening, but Nakamura keeps a cool head with his
king in danger.} 41. Kh2 (41. Be3 Nxf3+ 42. Kf1 Nh2+ (42... Rxa2 $11) {White
should accept the draw by perpetual since} 43. Ke1 $2 Rxa2 {[%cal Gf4g2]
offers him only worries.}) 41... gxh4 $6 {Too optimistic. Rapport obviously
wanted to control the g3-square and continue with ...Nxf3+ and ...Rxa2 but the
f4-knight loses stability.} (41... Nxf3+ $6 42. Kg3 Nxh4 43. Rd6 h5 44. Be3 $14
) (41... Nf1+ 42. Kh1 Rxa2 $11) 42. Be3 Nxf3+ (42... Nf1+ 43. Kh1 (43. Kg1 {
allows Black to gain a tempo:} Nxe3 44. fxe3 Ne2+ 45. Kf2 Rxa2 $11) 43... Nxe3
44. fxe3 Ne2 45. Rd5+ Kc4 46. Rxa5 bxa5 47. Bxc6 Nxc3 48. f4 $16 {Black is
very active but the pawns are really threatening.}) 43. Kh1 Nh3 (43... Ne6 $5 {
[%csl Gd8][%cal Ge6c5,Ge6g5]} 44. Rd5+ (44. Rd6 Neg5) 44... Nc5 45. Rd6 Kc4 46.
Bh5 Nxe4 47. Rxc6+ Kd5 48. Bxf3 Kxc6 49. Bxe4+ Kd6 {with a sharp ending where
the rook could cause troubles.}) 44. Bh5 (44. Rd5+ Kc4 45. Rxa5 bxa5 46. Bxc6
Ne5 47. Bd5+ Kd3 (47... Kxc3 48. Kg2 Ng5 49. f4) 48. Be6 Ng5 49. Bf5 $14) 44...
Nxf2+ $2 {Premature panicking.} ({The knights still had a lot of dynamic
potential:} 44... Nhg5 45. Kg2 Ne1+ 46. Kf1 h3 47. Be2+ (47. Rh8 Rxa2 48. Rxh6
Ra1 49. Bxg5 Nf3+ 50. Ke2 Nxg5 $15) 47... Ka4 48. Rd6 (48. Rh8 Nf7 49. Bd1+ {
with a draw by perpetual or if} Ka3 $2 50. Bb3 $3 {[%cal Ge3c1,Gb3f7,Rh8h3]})
48... h5 (48... Nf7 49. Rd4+ Ka3 50. Kxe1 $18) 49. Bf4 Ngf3 $14) 45. Bxf2 Rxa2
46. Bxf3 Rxf2 {Materially Black is doing fine but the e-pawn wins the game.}
47. Rd3 Kc4 48. Re3 {Rapport might have overlooked this regrouping after which
the e-pawn advances unhindered.} Rd2 49. e5 Rd7 50. e6 Re7 51. Bxc6 a5 52. Re4+
Kxc3 53. Bb5 a4 54. Bxa4 Kd3 55. Re1 1-0